[Event "Ontario op"]
[Site "Ottawa CAN"]
[Date "2023.05.22"]
[Round "6.7"]
[White "Reprintsev, Alexander"]
[Black "Wang, Derek"]
[Result "1/2-1/2"]
[WhiteElo "2361"]
[BlackElo "2051"]
[PlyCount "90"]
[EventDate "2023.05.20"]
[EventType "swiss"]
[EventRounds "6"]
[EventCountry "CAN"]

1. e4 c5 2. b3 Nc6 3. Bb2 e6 4. Nf3 d5 5. exd5 exd5 6. Bb5 Nf6 7. Qe2+ Qe7 8.
Bxf6 Qxe2+ 9. Kxe2 gxf6 10. c4 dxc4 11. bxc4 Bd7 12. Nc3 O-O-O 13. Rhe1 Rg8 14.
Kf1 Be6 15. Re4 Rg4 16. Rae1 Nd4 17. Rxg4 Bxg4 18. Nxd4 Rxd4 19. Re8+ Rd8 20.
Rxd8+ Kxd8 21. Ba4 Be6 22. d3 Be7 23. Bd1 a6 24. Bf3 b5 25. cxb5 axb5 26. Nxb5
Bxa2 27. Nc3 Be6 28. Bd5 Kd7 29. Bc4 Bd6 30. g3 Be5 31. Ne4 Bd4 32. Kg2 Ke7 33.
f4 Bd7 34. Nd2 Ba4 35. Bd5 f5 36. Nf3 Bf6 37. Kf2 Bd7 38. Ke3 Be6 39. Bc4 Kd6
40. Ng5 h6 41. Bxe6 hxg5 42. Bxf7 Bd4+ 43. Kf3 g4+ 44. Kg2 Ke7 45. Bd5 Kf6
1/2-1/2

[Event "Ontario op"]
[Site "Ottawa CAN"]
[Date "2023.05.22"]
[Round "6.8"]
[White "Gao, Raymond"]
[Black "Gordon, David"]
[Result "1-0"]
[WhiteElo "2250"]
[BlackElo "2209"]
[PlyCount "71"]
[EventDate "2023.05.20"]
[EventType "swiss"]
[EventRounds "6"]
[EventCountry "CAN"]

1. e4 d5 2. exd5 Nf6 3. Nf3 Bg4 4. d4 Qxd5 5. Nc3 Qf5 6. Be2 Nc6 7. h3 Bxf3 8.
Bxf3 Rd8 9. Bxc6+ bxc6 10. Qe2 e6 11. Qc4 Qxc2 12. Qxc6+ Rd7 13. Qa8+ Rd8 14.
Qc6+ Rd7 15. O-O Bb4 16. Bg5 Bxc3 17. Qa8+ Rd8 18. Qc6+ Rd7 19. Bxf6 gxf6 20.
bxc3 Rg8 21. Rab1 Rg5 22. Rb8+ Ke7 23. c4 Qxa2 24. d5 Qa3 25. Qa8 f5 26. Re8+
Kf6 27. dxe6 fxe6 28. Re1 Re7 29. Rf8+ Rf7 30. Re8 Re7 31. Rf8+ Rf7 32. Rxe6+
Kxe6 33. Qd5+ Kf6 34. Qxf7+ Ke5 35. Qd5+ Kf4 36. Qd4# 1-0

[Event "Ontario op"]
[Site "Ottawa CAN"]
[Date "2023.05.22"]
[Round "6.10"]
[White "Moses, Neil"]
[Black "Labib, Daniel"]
[Result "1/2-1/2"]
[WhiteElo "1957"]
[BlackElo "2071"]
[PlyCount "51"]
[EventDate "2023.05.20"]
[EventType "swiss"]
[EventRounds "6"]
[EventCountry "CAN"]

1. e4 e5 2. Nf3 Nc6 3. Bb5 a6 4. Ba4 Nf6 5. d3 b5 6. Bb3 Be7 7. c3 d6 8. h3 O-O
9. O-O Na5 10. Bc2 c5 11. d4 Qc7 12. b3 cxd4 13. cxd4 Nc6 14. Bb2 Nb4 15. Bd3
d5 16. Ne1 dxe4 17. dxe5 exd3 18. exf6 Bxf6 19. Bxf6 gxf6 20. Qf3 Qe5 21. Qxa8
Qxa1 22. Qe4 Qxb1 23. Qxb4 Bf5 24. g4 Be6 25. Qd4 Qxa2 26. Qxd3 1/2-1/2

[Event "Ontario op"]
[Site "Ottawa CAN"]
[Date "2023.05.22"]
[Round "6.14"]
[White "Ramesh, Sanjay"]
[Black "Jutras, Marc-Andre"]
[Result "1-0"]
[WhiteElo "1984"]
[BlackElo "1934"]
[PlyCount "59"]
[EventDate "2023.05.20"]
[EventType "swiss"]
[EventRounds "6"]
[EventCountry "CAN"]

1. d4 d5 2. c4 c6 3. Nc3 Nf6 4. Nf3 dxc4 5. a4 Bf5 6. e3 e6 7. Bxc4 Bb4 8. O-O
Nbd7 9. Qe2 Bg6 10. Rd1 O-O 11. Bd3 a6 12. Bxg6 hxg6 13. e4 Bxc3 14. bxc3 Qa5
15. e5 Nh7 16. Rd3 Rfe8 17. Qe4 Qd5 18. Nd2 Rad8 19. Qh4 f5 20. Rh3 Ndf8 21.
Nf3 g5 22. Nxg5 Qxe5 23. Bf4 Qf6 24. Qh5 Qg6 25. Qh4 Nxg5 26. Bxg5 Rd7 27. Bf4
Rc8 28. Be5 c5 29. Qh8+ Kf7 30. Rg3 1-0

[Event "Ontario-ch Seniors"]
[Site "Toronto CAN"]
[Date "2023.10.06"]
[Round "1.2"]
[White "Chernik, Dmitry"]
[Black "Barron, Michael"]
[Result "1-0"]
[WhiteElo "1990"]
[BlackElo "2288"]
[PlyCount "69"]
[EventDate "2023.10.06"]
[EventType "swiss"]
[EventRounds "6"]
[EventCountry "CAN"]

1. e4 e5 2. Nf3 Nc6 3. Bb5 a6 4. Ba4 Nf6 5. O-O Be7 6. Re1 b5 7. Bb3 O-O 8. c3
d6 9. h3 Na5 10. Bc2 c5 11. d4 Qc7 12. Nbd2 Bd7 13. d5 g6 14. Nf1 Nh5 15. Bh6
Rfb8 16. Ng3 Nxg3 17. fxg3 c4 18. Rf1 Nb7 19. Ng5 Nd8 20. Qf3 f6 21. Rf2 Qc8
22. Raf1 Nb7 23. Qe3 fxg5 24. Rf7 Qe8 25. Rg7+ Kh8 26. Rff7 Bf8 27. Rxh7+ Kg8
28. Qf3 Nd8 29. Rxf8+ Kxh7 30. Rxe8 Bxe8 31. Qf8 Rb7 32. Bxg5 Bf7 33. Qh6+ Kg8
34. Bf6 Be8 35. Qh8+ 1-0

[Event "Ontario-ch Seniors"]
[Site "Toronto CAN"]
[Date "2023.10.06"]
[Round "1.3"]
[White "Findlay, Ian"]
[Black "Fradkin, Benjamin"]
[Result "1-0"]
[WhiteElo "2266"]
[BlackElo "1916"]
[PlyCount "99"]
[EventDate "2023.10.06"]
[EventType "swiss"]
[EventRounds "6"]
[EventCountry "CAN"]

1. e4 c6 2. d4 d5 3. Nc3 dxe4 4. Nxe4 Nf6 5. Nxf6+ exf6 6. c3 Bd6 7. Bd3 Qe7+
8. Ne2 Bg4 9. Be3 Nd7 10. Qd2 Nb6 11. c4 Bxe2 12. Qxe2 Bc7 13. O-O-O O-O-O 14.
Kb1 g6 15. g4 Rhe8 16. h4 Bf4 17. Rde1 Bxe3 18. fxe3 Qb4 19. a3 Qa5 20. Qf2 Qa4
21. Qc2 Qa5 22. Qf2 Qa4 23. Rc1 Qa5 24. Rh3 Nd7 25. c5 Re7 26. Rg3 Rde8 27. Ka2
Kb8 28. Rc3 Qc7 29. Bc2 Ka8 30. Rg1 Nb8 31. Bb3 Qd7 32. Rg3 Re4 33. Qxf6 Rxg4
34. Rxg4 Qxg4 35. Qxf7 Qd7 36. Qf3 Qe7 37. d5 Qe4 38. Qf7 Re7 39. Qg8 Re8 40.
Qxh7 cxd5 41. Bc2 Qe5 42. Qxg6 Nc6 43. Qf5 Qc7 44. Qxd5 Qa5 45. Qc4 Rd8 46. Be4
a6 47. Bxc6 bxc6 48. Rb3 Rb8 49. Rxb8+ Kxb8 50. Qb4+ 1-0

[Event "Ontario-ch Seniors"]
[Site "Toronto CAN"]
[Date "2023.10.06"]
[Round "1.4"]
[White "Verde, Pino"]
[Black "Bluvshtein, Ilia"]
[Result "1/2-1/2"]
[WhiteElo "1535"]
[BlackElo "2136"]
[PlyCount "80"]
[EventDate "2023.10.06"]
[EventType "swiss"]
[EventRounds "6"]
[EventCountry "CAN"]

1. Nf3 Nf6 2. g3 g6 3. Bg2 Bg7 4. d3 d5 5. Nbd2 O-O 6. O-O c5 7. e4 Nc6 8. Re1
dxe4 9. dxe4 e5 10. c3 Qc7 11. Qc2 Rd8 12. Nf1 h6 13. h4 Be6 14. Ne3 b5 15. b3
a5 16. a4 c4 17. bxc4 bxc4 18. Nd2 Rac8 19. Bf1 Nb8 20. Ndxc4 Nbd7 21. Ba3 Nc5
22. f3 Bf8 23. Red1 Kg7 24. Bb2 Be7 25. Na3 Bb3 26. Qe2 Bxd1 27. Rxd1 Nxa4 28.
Nb5 Qb6 29. Rxd8 Rxd8 30. Bc1 Rc8 31. Kg2 Nxc3 32. Qf2 Kh7 33. Qd2 Nxb5 34. Nd5
Nxd5 35. Qxh6+ Kg8 36. exd5 Rc2+ 37. Kh3 Qg1 38. Bd3 Qe1 39. f4 Qh1+ 40. Kg4
Qd1+ 1/2-1/2

[Event "Ontario-ch Seniors"]
[Site "Toronto CAN"]
[Date "2023.10.07"]
[Round "2.2"]
[White "Chernik, Dmitry"]
[Black "Findlay, Ian"]
[Result "1/2-1/2"]
[WhiteElo "1990"]
[BlackElo "2266"]
[PlyCount "61"]
[EventDate "2023.10.06"]
[EventType "swiss"]
[EventRounds "6"]
[EventCountry "CAN"]

1. e4 c5 2. Nc3 g6 3. f4 Bg7 4. Nf3 Nc6 5. Bb5 Nd4 6. O-O Nxb5 7. Nxb5 a6 8.
Nc3 b5 9. d3 Bb7 10. Qe1 d6 11. e5 Nh6 12. Ne4 O-O 13. Kh1 Nf5 14. c3 Rc8 15.
e6 fxe6 16. Neg5 Rf6 17. Nxe6 Qd7 18. Nxg7 Nxg7 19. Bd2 Nh5 20. Qh4 Rcf8 21.
Rae1 e5 22. fxe5 dxe5 23. Bh6 R8f7 24. Rxe5 Qxd3 25. Re8+ Rf8 26. Rxf8+ Rxf8
27. Qe1 Ng7 28. Bxg7 Kxg7 29. Qe7+ Kg8 30. Qe6+ Kh8 31. Qe5+ 1/2-1/2

[Event "Ontario-ch Seniors"]
[Site "Toronto CAN"]
[Date "2023.10.07"]
[Round "2.3"]
[White "Oancea, Nicolae"]
[Black "Bond, Hal"]
[Result "1-0"]
[WhiteElo "1948"]
[BlackElo "1631"]
[PlyCount "47"]
[EventDate "2023.10.06"]
[EventType "swiss"]
[EventRounds "6"]
[EventCountry "CAN"]

1. c4 e5 2. Nc3 Nf6 3. e4 Bc5 4. Nf3 O-O 5. Be2 Nc6 6. O-O a6 7. d3 h6 8. Nd5
d6 9. Be3 Nxd5 10. cxd5 Bxe3 11. fxe3 Ne7 12. d4 Ng6 13. Rc1 Bg4 14. Rc3 Rc8
15. Qb3 b5 16. Rfc1 Qe7 17. Qc2 exd4 18. exd4 Rfe8 19. h3 Qxe4 20. Bd3 Qe3+ 21.
Kh1 Bxf3 22. Bxg6 Qe2 23. Bh7+ Kh8 24. Rxf3 1-0

[Event "Ontario-ch Seniors"]
[Site "Toronto CAN"]
[Date "2023.10.07"]
[Round "2.4"]
[White "Barron, Michael"]
[Black "Fradkin, Benjamin"]
[Result "1-0"]
[WhiteElo "2288"]
[BlackElo "1916"]
[PlyCount "109"]
[EventDate "2023.10.06"]
[EventType "swiss"]
[EventRounds "6"]
[EventCountry "CAN"]

1. e4 c5 2. Nf3 d6 3. d4 cxd4 4. Nxd4 a6 5. c4 Nf6 6. Nc3 g6 7. Be2 Bg7 8. Be3
Nc6 9. Qd2 Nxd4 10. Bxd4 O-O 11. O-O Bd7 12. f4 Bc6 13. Bf3 e5 14. Be3 Qe7 15.
Rad1 Rad8 16. f5 gxf5 17. exf5 e4 18. Be2 d5 19. cxd5 Nxd5 20. Bd4 Bxd4+ 21.
Qxd4 Nf6 22. Qe3 Rxd1 23. Rxd1 Rd8 24. Rxd8+ Qxd8 25. g4 Nd5 26. Qd4 Qb6 27.
Qxb6 Nxb6 28. Kf2 f6 29. Ke3 Nd5+ 30. Nxd5 Bxd5 31. b3 Kg7 32. Bf1 a5 33. Bg2
b6 34. Bxe4 Bf7 35. h4 h6 36. Kd4 a4 37. Bd5 axb3 38. axb3 Be8 39. Ke4 Bb5 40.
Kf4 Bd7 41. g5 hxg5+ 42. hxg5 Bb5 43. g6 Bd7 44. Be4 Kh6 45. Ke3 Kg7 46. Kd4
Bc8 47. Bc2 Bb7 48. b4 Kf8 49. Ba4 Kg7 50. Bd7 Bf3 51. Kc4 Be2+ 52. Kd5 Bf3+
53. Kd6 Be4 54. b5 Kg8 55. Kc7 1-0

[Event "Ontario-ch Seniors"]
[Site "Toronto CAN"]
[Date "2023.10.07"]
[Round "2.5"]
[White "Campbell, Brett"]
[Black "Verde, Pino"]
[Result "1-0"]
[WhiteElo "2074"]
[BlackElo "1535"]
[PlyCount "49"]
[EventDate "2023.10.06"]
[EventType "swiss"]
[EventRounds "6"]
[EventCountry "CAN"]

1. Nf3 d6 2. c4 g6 3. d4 Bg7 4. Nc3 Nd7 5. e4 e5 6. d5 Ne7 7. Be2 h6 8. O-O Nf8
9. Ne1 f5 10. f3 f4 11. Bd2 g5 12. Nd3 Neg6 13. c5 h5 14. Qa4+ Bd7 15. Qb4 Bc8
16. cxd6 cxd6 17. Nb5 Qb6+ 18. Kh1 Ke7 19. Rac1 Bd7 20. Nxd6 Qxb4 21. Bxb4 Kf6
22. Nxb7 Bb5 23. Rc7 Nd7 24. Nd6 Bxd3 25. Rxd7 1-0

[Event "Ontario-ch Seniors"]
[Site "Toronto CAN"]
[Date "2023.10.07"]
[Round "3.1"]
[White "Findlay, Ian"]
[Black "Oancea, Nicolae"]
[Result "1-0"]
[WhiteElo "2266"]
[BlackElo "1948"]
[PlyCount "131"]
[EventDate "2023.10.06"]
[EventType "swiss"]
[EventRounds "6"]
[EventCountry "CAN"]

1. e4 g6 2. d4 Bg7 3. Nc3 d6 4. Nf3 a6 5. a4 b6 6. Bc4 e6 7. Qe2 Bb7 8. h4 h6
9. Bf4 Nd7 10. O-O-O Ngf6 11. e5 Nh5 12. Bh2 d5 13. Bxd5 exd5 14. g4 g5 15.
gxh5 Qe7 16. Rhg1 O-O-O 17. Kb1 f6 18. exf6 Qxe2 19. Nxe2 Bxf6 20. hxg5 hxg5
21. Nxg5 Rxh5 22. Bf4 Rg8 23. Nf3 Rf8 24. Rg4 Bd8 25. Ng3 Rh7 26. Ne5 Nf6 27.
Rg6 a5 28. Bh6 Rg8 29. Rxg8 Nxg8 30. Be3 Nf6 31. Nf5 Ne4 32. Rg1 Rh8 33. f3 Nd6
34. Nxd6+ cxd6 35. Nf7 Rf8 36. Nxd6+ Kb8 37. Rg7 Bc6 38. Rf7 Rg8 39. b3 Bc7 40.
Nb5 Bh2 41. Bf4+ Bxf4 42. Rxf4 Rg1+ 43. Kb2 Bxb5 44. axb5 Rf1 45. Rf7 Kc8 46.
f4 Rf3 47. f5 Rf4 48. Kc3 Rf3+ 49. Kd2 Rf2+ 50. Kd3 Rf3+ 51. Ke2 Rc3 52. Kd2
Rf3 53. f6 Kb8 54. Rd7 Rxf6 55. Rxd5 Rf2+ 56. Kd3 Rf3+ 57. Kc4 Rf4 58. Rd6 Kb7
59. Rd7+ Kb8 60. Kd5 Rf8 61. Re7 Rf5+ 62. Kd6 Rf6+ 63. Re6 Rf5 64. c4 Rf2 65.
Kc6 Rf8 66. Kxb6 {...} 1-0

[Event "Ontario-ch Seniors"]
[Site "Toronto CAN"]
[Date "2023.10.07"]
[Round "3.2"]
[White "Bluvshtein, Ilia"]
[Black "Barron, Michael"]
[Result "0-1"]
[WhiteElo "2136"]
[BlackElo "2288"]
[PlyCount "80"]
[EventDate "2023.10.06"]
[EventType "swiss"]
[EventRounds "6"]
[EventCountry "CAN"]

1. e4 e5 2. Nf3 Nc6 3. d4 exd4 4. Nxd4 Nf6 5. Nc3 Bb4 6. Nxc6 bxc6 7. Bd3 d5 8.
exd5 O-O 9. O-O cxd5 10. Bg5 Be6 11. Ne2 Be7 12. Nd4 Bd7 13. Nf5 Bxf5 14. Bxf5
g6 15. Bd3 Ne4 16. Bxe4 dxe4 17. Qxd8 Bxd8 18. Bxd8 Rfxd8 19. Rfd1 f5 20. Kf1
Kf7 21. Ke2 Ke6 22. f3 exf3+ 23. Kxf3 g5 24. h3 h5 25. Rxd8 Rxd8 26. Re1+ Kf6
27. Re3 g4+ 28. hxg4 hxg4+ 29. Kg3 Kg5 30. Re5 Rd2 31. Rc5 c6 32. b4 Rd5 33.
Rxc6 f4+ 34. Kf2 Rd2+ 35. Kf1 Kh4 36. b5 Kg3 37. Rc3+ f3 38. gxf3 gxf3 39. Ke1
Rd5 40. Rc7 f2+ 0-1

[Event "Ontario-ch Seniors"]
[Site "Toronto CAN"]
[Date "2023.10.07"]
[Round "3.3"]
[White "Bond, Hal"]
[Black "Campbell, Brett"]
[Result "1/2-1/2"]
[WhiteElo "1631"]
[BlackElo "2074"]
[PlyCount "38"]
[EventDate "2023.10.06"]
[EventType "swiss"]
[EventRounds "6"]
[EventCountry "CAN"]

1. e4 g6 2. d4 Bg7 3. f4 d5 4. e5 h5 5. Nf3 Bg4 6. Be2 Bxf3 7. Bxf3 e6 8. c4 c6
9. Nc3 Nd7 10. O-O Ne7 11. Qb3 Qb6 12. c5 Qxb3 13. axb3 Nf5 14. Ne2 O-O 15. Bd2
Nh4 16. Be1 Nxf3+ 17. Rxf3 f5 18. Bh4 Kf7 19. b4 a6 1/2-1/2

[Event "Ontario-ch Seniors"]
[Site "Toronto CAN"]
[Date "2023.10.07"]
[Round "3.4"]
[White "Fradkin, Benjamin"]
[Black "Verde, Pino"]
[Result "1/2-1/2"]
[WhiteElo "1916"]
[BlackElo "1535"]
[PlyCount "128"]
[EventDate "2023.10.06"]
[EventType "swiss"]
[EventRounds "6"]
[EventCountry "CAN"]

1. d4 e6 2. Nf3 d5 3. c4 c6 4. Qc2 Bb4+ 5. Bd2 Be7 6. Bf4 Bb4+ 7. Nc3 Nf6 8. a3
Bxc3+ 9. bxc3 Ne4 10. Nd2 Qh4 11. g3 Qh5 12. Nxe4 dxe4 13. Qxe4 Nd7 14. Bd6 Nf6
15. Qd3 Qg6 16. Bg2 Qxd3 17. exd3 Kd7 18. Bf4 b6 19. Bf3 Bb7 20. g4 h6 21. h4
h5 22. g5 Ng4 23. Rg1 Rhe8 24. Kf1 f5 25. gxf6 gxf6 26. Bxg4 hxg4 27. Rxg4 Rg8
28. Rxg8 Rxg8 29. c5 bxc5 30. dxc5 e5 31. Be3 Rh8 32. Ke2 Rxh4 33. Rg1 Rh7 34.
Rg8 Ke6 35. c4 Kf5 36. Rd8 Ke6 37. Rd6+ Ke7 38. Kd2 Rh1 39. d4 Rh5 40. d5 cxd5
41. cxd5 e4 42. Re6+ Kf7 43. Bd4 Rxd5 44. Rxf6+ Ke7 45. Rd6 Rxd6 46. cxd6+ Kxd6
47. Bxa7 Ke5 48. Kc3 Kd5 49. Kb4 Bc6 50. a4 Bb7 51. Bb8 Kc6 52. Kc4 Kb6 53. Be5
Ka5 54. Kb3 Bd5+ 55. Ka3 Bc6 56. Bc3+ Ka6 57. Kb4 Be8 58. a5 Bb5 59. Kc5 Bd3
60. Kd4 Bb1 61. Bb4 Kb5 62. Kd5 Bd3 63. Bd2 Bc2 64. Kd4 Ka6 1/2-1/2

[Event "Ontario-ch Seniors"]
[Site "Toronto CAN"]
[Date "2023.10.08"]
[Round "4.1"]
[White "Barron, Michael"]
[Black "Findlay, Ian"]
[Result "1-0"]
[WhiteElo "2288"]
[BlackElo "2266"]
[PlyCount "147"]
[EventDate "2023.10.06"]
[EventType "swiss"]
[EventRounds "6"]
[EventCountry "CAN"]

1. e4 c5 2. Nf3 d6 3. d4 cxd4 4. Nxd4 Nf6 5. f3 e5 6. Nb3 d5 7. Bg5 d4 8. c3
Nc6 9. cxd4 exd4 10. Bb5 Bb4+ 11. Bd2 Be7 12. Bxc6+ bxc6 13. Ba5 Qd7 14. Qxd4
Ba6 15. Qxd7+ Nxd7 16. Bc3 O-O 17. N1d2 Nb6 18. Na5 Rac8 19. b3 c5 20. Nac4 Bg5
21. Nb2 c4 22. b4 f5 23. exf5 Nd5 24. Ne4 Rce8 25. Nd1 Rxf5 26. O-O Be7 27. Rb1
Rb8 28. a3 Bb5 29. Rf2 Rff8 30. Rd2 Rfd8 31. Be5 Rbc8 32. Ndc3 Nxc3 33. Bxc3
Rd3 34. Rbd1 Kf7 35. Kf2 g6 36. Rxd3 cxd3 37. Ke3 h5 38. Bd4 Rc2 39. Rd2 a5 40.
Bc5 axb4 41. axb4 Rc1 42. Ra2 Bxc5+ 43. bxc5 Bc6 44. Ra7+ Ke6 45. Ra6 Kd5 46.
Kxd3 Rg1 47. Ra2 g5 48. Nxg5 Kxc5 49. Ke3 Kd6 50. Kf4 Ke7 51. Re2+ Kf8 52. Ne6+
Kg8 53. Nd4 Bd7 54. h4 Rd1 55. Re4 Rd2 56. g3 Kf8 57. Kg5 Rg2 58. g4 hxg4 59.
fxg4 Ra2 60. h5 Ra6 61. h6 Be8 62. Ne6+ Kg8 63. Kf6 Kh7 64. g5 Bh5 65. Rc4 Kh8
66. Rc8+ Kh7 67. Rc7+ Kh8 68. Re7 Bg4 69. g6 Bxe6 70. g7+ Kh7 71. Rxe6 Ra1 72.
Re8 Rf1+ 73. Ke6 Re1+ 74. Kd7 1-0

[Event "Ontario-ch Seniors"]
[Site "Toronto CAN"]
[Date "2023.10.08"]
[Round "4.2"]
[White "Campbell, Brett"]
[Black "Chernik, Dmitry"]
[Result "1-0"]
[WhiteElo "2074"]
[BlackElo "1990"]
[PlyCount "77"]
[EventDate "2023.10.06"]
[EventType "swiss"]
[EventRounds "6"]
[EventCountry "CAN"]

1. e4 c5 2. Nc3 Nc6 3. g3 d6 4. Bg2 Nf6 5. Nge2 e5 6. d3 Be7 7. h3 Nd4 8. O-O
Bd7 9. f4 Bc6 10. Nd5 Bxd5 11. exd5 Qc7 12. fxe5 dxe5 13. c4 h6 14. Nxd4 exd4
15. Bf4 Bd6 16. Qa4+ Kd8 17. Rae1 Bxf4 18. Rxf4 Qd7 19. Qa5+ b6 20. Qd2 Re8 21.
Rxe8+ Kxe8 22. Rf1 Kf8 23. Rxf6 gxf6 24. Qxh6+ Ke7 25. d6+ Qxd6 26. Bxa8 Qxg3+
27. Bg2 Qxd3 28. Qc1 Kf8 29. b3 Qg3 30. Qd2 f5 31. Qf2 Qg5 32. Qf3 Qc1+ 33. Bf1
Qg5+ 34. Kh1 Kg7 35. Qg2 f6 36. Bd3 Kh6 37. Qxg5+ Kxg5 38. Kg2 f4 39. Kf3 1-0

[Event "Ontario-ch Seniors"]
[Site "Toronto CAN"]
[Date "2023.10.08"]
[Round "4.3"]
[White "Oancea, Nicolae"]
[Black "Bluvshtein, Ilia"]
[Result "1-0"]
[WhiteElo "1948"]
[BlackElo "2136"]
[PlyCount "67"]
[EventDate "2023.10.06"]
[EventType "swiss"]
[EventRounds "6"]
[EventCountry "CAN"]

1. c4 Nf6 2. Nc3 d5 3. cxd5 Nxd5 4. g3 g6 5. Bg2 Nxc3 6. bxc3 Bg7 7. Nf3 O-O 8.
O-O c5 9. Ba3 Qa5 10. Qc1 Nc6 11. e3 Be6 12. d4 Rac8 13. Qb2 b6 14. Rfc1 Rfe8
15. Nd2 Red8 16. Nb3 Bxb3 17. axb3 cxd4 18. cxd4 Qb5 19. Bxc6 Rxc6 20. Rxc6
Qxc6 21. Bxe7 Rd7 22. Rc1 Qb7 23. Ba3 Rc7 24. Rxc7 Qxc7 25. Qd2 a5 26. Qd3 Bf6
27. Qb5 h5 28. Qe8+ Kg7 29. d5 Be5 30. Qf8+ Kh7 31. Be7 Qc2 32. Qxf7+ Bg7 33.
d6 Qd1+ 34. Kg2 1-0

[Event "Ontario-ch Seniors"]
[Site "Toronto CAN"]
[Date "2023.10.08"]
[Round "4.4"]
[White "Fradkin, Benjamin"]
[Black "Bond, Hal"]
[Result "1-0"]
[WhiteElo "1916"]
[BlackElo "1631"]
[PlyCount "51"]
[EventDate "2023.10.06"]
[EventType "swiss"]
[EventRounds "6"]
[EventCountry "CAN"]

1. d4 Nf6 2. Nf3 g6 3. c4 Bg7 4. Nc3 c6 5. e4 d6 6. h3 O-O 7. Be2 a6 8. a4 Re8
9. O-O Qc7 10. Be3 e5 11. d5 Nh5 12. Qd2 f5 13. exf5 Nf4 14. Bxf4 exf4 15. fxg6
hxg6 16. Bd3 Qf7 17. Qc2 Bf5 18. Ng5 Qf6 19. Bxf5 Qxg5 20. Bg4 a5 21. Rfe1 Na6
22. Ne4 Qe5 23. Be6+ Kh7 24. Qe2 Nb4 25. Qg4 Qxb2 26. Bf7 1-0

[Event "Ontario-ch Seniors"]
[Site "Toronto CAN"]
[Date "2023.10.08"]
[Round "5.1"]
[White "Barron, Michael"]
[Black "Oancea, Nicolae"]
[Result "1/2-1/2"]
[WhiteElo "2288"]
[BlackElo "1948"]
[PlyCount "94"]
[EventDate "2023.10.06"]
[EventType "swiss"]
[EventRounds "6"]
[EventCountry "CAN"]

1. e4 c5 2. Nf3 g6 3. d4 cxd4 4. Nxd4 Bg7 5. c4 Nc6 6. Be3 Nf6 7. Nc3 Ng4 8.
Qxg4 Nxd4 9. Qd1 e5 10. Bd3 d6 11. O-O O-O 12. Qd2 f5 13. f3 f4 14. Bxd4 exd4
15. Ne2 Be5 16. Rad1 Be6 17. b3 Qf6 18. Bb1 Rad8 19. Nxd4 Bd7 20. a4 h5 21. Nb5
Bxb5 22. axb5 b6 23. Qd5+ Kg7 24. Rf2 Rf7 25. Rfd2 Rc8 26. Qd3 h4 27. h3 Rh8
28. Qe2 Rd8 29. Rd3 Re7 30. Qd2 Rc7 31. Ba2 Kh7 32. Kh2 Kg7 33. b4 Kh7 34. Rc1
Rdc8 35. Rd5 Qe7 36. Qf2 Kg7 37. Qe2 Kh7 38. Qd3 Kh6 39. Rc2 Qg5 40. Kh1 Qg3
41. Qf1 Qg5 42. Qc1 Qe7 43. Rcd2 Qf6 44. R2d3 Kh7 45. Qd2 Kh6 46. Bb3 Kg7 47.
Kh2 Kh6 1/2-1/2

[Event "Ontario-ch Seniors"]
[Site "Toronto CAN"]
[Date "2023.10.08"]
[Round "5.2"]
[White "Verde, Pino"]
[Black "Findlay, Ian"]
[Result "0-1"]
[WhiteElo "1535"]
[BlackElo "2266"]
[PlyCount "100"]
[EventDate "2023.10.06"]
[EventType "swiss"]
[EventRounds "6"]
[EventCountry "CAN"]

1. Nf3 c5 2. e4 d6 3. d3 Nc6 4. g3 g6 5. Bg2 Bg7 6. O-O Nf6 7. Nbd2 O-O 8. Re1
Bg4 9. h3 Bxf3 10. Nxf3 Nd7 11. c3 b5 12. Be3 b4 13. Qc1 bxc3 14. bxc3 Qa5 15.
Bd2 Qa6 16. Bf1 Nde5 17. Nxe5 Nxe5 18. Re3 Qa4 19. f4 Nd7 20. Qd1 Qxd1 21. Rxd1
Rab8 22. Be1 Rb2 23. Re2 Rfb8 24. Rxb2 Rxb2 25. a4 Ra2 26. Rb1 Nb6 27. a5 Rxa5
28. Kg2 Ra3 29. c4 Kf8 30. Rb5 Ke8 31. Ra5 Rxa5 32. Bxa5 Na4 33. Kf3 Bc3 34.
Bxc3 Nxc3 35. Ke3 e5 36. Kd2 Na4 37. Kc2 Ke7 38. Kb3 Nb6 39. Be2 Kf6 40. h4 Ke6
41. Bg4+ f5 42. exf5+ gxf5 43. Bf3 Kf6 44. Ka3 exf4 45. gxf4 Nd7 46. Ka4 Nf8
47. Kb5 Ne6 48. Bg2 Nxf4 49. Bf1 Ke5 50. Kc6 a5 0-1

[Event "Ontario-ch Seniors"]
[Site "Toronto CAN"]
[Date "2023.10.08"]
[Round "5.3"]
[White "Chernik, Dmitry"]
[Black "Fradkin, Benjamin"]
[Result "0-1"]
[WhiteElo "1990"]
[BlackElo "1916"]
[PlyCount "122"]
[EventDate "2023.10.06"]
[EventType "swiss"]
[EventRounds "6"]
[EventCountry "CAN"]

1. e4 c6 2. d4 d5 3. exd5 cxd5 4. Nf3 Nf6 5. Bd3 Nc6 6. c3 Bg4 7. O-O Bxf3 8.
Qxf3 e6 9. Re1 Be7 10. Nd2 Qc7 11. Nf1 O-O 12. Bf4 Bd6 13. Bg5 Be7 14. Qh3 g6
15. Nd2 Rac8 16. Re3 Nh5 17. Bh6 Nf4 18. Qg4 Nxd3 19. Bxf8 Nxf2 20. Kxf2 Rxf8
21. Kg1 e5 22. Rd1 f5 23. Qh3 Bg5 24. Re2 e4 25. Qg3 Qe7 26. Rf1 Qd8 27. b4 b5
28. Nb3 Qe7 29. Nc5 a5 30. a3 a4 31. Ne6 Qxe6 32. Qxg5 Qe7 33. Qh6 Nd8 34. h4
Nf7 35. Qf4 Qd6 36. g4 Qxf4 37. Rxf4 Nd6 38. gxf5 gxf5 39. Rg2+ Kf7 40. Kf2 Rg8
41. Rxg8 Kxg8 42. Kg3 Kf7 43. Rf1 Kf6 44. Kf4 Ne8 45. Rg1 Ng7 46. Ke3 Nh5 47.
Rg8 f4+ 48. Kf2 h6 49. Rd8 Kf5 50. Rxd5+ Kg4 51. Re5 e3+ 52. Ke1 Ng3 53. Re8
Nf5 54. Rg8+ Kf3 55. d5 Ke4 56. Rf8 f3 57. d6 Nxd6 58. Rb8 Nf5 59. Rg8 Kf4 60.
Rf8 Ke4 61. Rd8 f2+ 0-1

[Event "Ontario-ch Seniors"]
[Site "Toronto CAN"]
[Date "2023.10.09"]
[Round "6.1"]
[White "Findlay, Ian"]
[Black "Campbell, Brett"]
[Result "1-0"]
[WhiteElo "2266"]
[BlackElo "2074"]
[PlyCount "96"]
[EventDate "2023.10.06"]
[EventType "swiss"]
[EventRounds "6"]
[EventCountry "CAN"]

1. e4 e5 2. Nf3 Nc6 3. Bb5 a6 4. Bxc6 dxc6 5. O-O f6 6. d4 exd4 7. Nxd4 c5 8.
Ne2 Qxd1 9. Rxd1 Bd6 10. Bf4 Bxf4 11. Nxf4 Ne7 12. Nc3 Bd7 13. Ncd5 Nxd5 14.
Rxd5 b6 15. Rad1 Bc6 16. R5d2 O-O 17. Ne6 Rfc8 18. f3 Be8 19. h4 Kf7 20. Nf4 g6
21. Kf2 Bc6 22. g4 Re8 23. Nd5 Bxd5 24. Rxd5 Re7 25. g5 Rae8 26. Kg3 Kg7 27.
Rd7 h6 28. Kg4 hxg5 29. hxg5 Kf7 30. f4 Rh8 31. Rxe7+ Kxe7 32. gxf6+ Kxf6 33.
Rd7 Rh2 34. Rxc7 Rg2+ 35. Kf3 Rxc2 36. Rc6+ Kf7 37. Rxb6 c4 38. a4 c3 39. bxc3
Rxc3+ 40. Kg4 Rc4 41. e5 Rxa4 42. Rf6+ Ke7 43. Rxg6 Ra1 44. Kf5 a5 45. Rg7+ Kd8
46. Ke6 a4 47. Ra7 a3 48. f5 a2 1-0

[Event "Ontario-ch Seniors"]
[Site "Toronto CAN"]
[Date "2023.10.09"]
[Round "6.2"]
[White "Verde, Pino"]
[Black "Barron, Michael"]
[Result "0-1"]
[WhiteElo "1535"]
[BlackElo "2288"]
[PlyCount "38"]
[EventDate "2023.10.06"]
[EventType "swiss"]
[EventRounds "6"]
[EventCountry "CAN"]

1. e4 e5 2. Nf3 Nc6 3. Bc4 Bc5 4. c3 Nf6 5. d3 O-O 6. O-O d5 7. exd5 Nxd5 8. h3
Nb6 9. Bb3 Bf5 10. Bc2 Re8 11. Re1 a5 12. a4 Qd7 13. d4 Bxc2 14. Qxc2 exd4 15.
Rd1 Rad8 16. Ng5 g6 17. Ne4 d3 18. Nxc5 dxc2 19. Rxd7 Nxd7 0-1

[Event "Ontario-ch Seniors"]
[Site "Toronto CAN"]
[Date "2023.10.09"]
[Round "6.3"]
[White "Oancea, Nicolae"]
[Black "Chernik, Dmitry"]
[Result "1-0"]
[WhiteElo "1948"]
[BlackElo "1990"]
[PlyCount "107"]
[EventDate "2023.10.06"]
[EventType "swiss"]
[EventRounds "6"]
[EventCountry "CAN"]

1. c4 e5 2. g3 Nc6 3. Bg2 f5 4. a3 a5 5. Nc3 Nf6 6. e3 d6 7. Nge2 Be7 8. O-O
O-O 9. d3 Qe8 10. Rb1 Qh5 11. b4 axb4 12. axb4 f4 13. exf4 Bh3 14. f3 Bxg2 15.
Kxg2 Qg6 16. fxe5 dxe5 17. b5 Nb4 18. d4 exd4 19. Qxd4 Rfd8 20. Qe5 Bd6 21. Qg5
Qf7 22. c5 h6 23. Qh4 Bxc5 24. Rxb4 Bxb4 25. Qxb4 Nd5 26. Nxd5 Qxd5 27. Rf2 Ra2
28. Bb2 Raa8 29. Nf4 Qf7 30. g4 Rd7 31. Nh5 Qg6 32. Qc4+ Qf7 33. Qe4 Qd5 34.
Qg6 Rf7 35. Nxg7 Qg5 36. Qe6 Qxb5 37. Qxh6 Ra2 38. Ne6 Rxb2 39. Qg6+ Kh8 40.
Qxf7 Rxf2+ 41. Kxf2 Qb2+ 42. Kg3 Qe5+ 43. Kh3 b5 44. Nf8 Qg7 45. Qxg7+ Kxg7 46.
Ne6+ Kf7 47. Nxc7 b4 48. Nd5 b3 49. g5 Ke6 50. Nc3 Ke5 51. f4+ Kd4 52. Na4 Kc4
53. g6 Kb4 54. g7 1-0